000
00487nam a2200145Ia 4500
008
100204s9999 xx 000 0 und d
082
_b
15701
100
_a
चव्हाण बिमन
245
_a
त्याचा दुसरा जन्म
260
_b
"सरस प्रकाशन, ठाणे"
_c
1991
300
_a
136
630
_a
त्याचा दुसरा जन्म
730
_a
त्याचा दुसरा जन्म
942
_c
BOOK
999
_c
460124
_d
460121